| 000 | 00417nam a22001697a 4500 | ||
|---|---|---|---|
| 005 | 20180703170549.0 | ||
| 008 | 160614b xxu||||| |||| 00| 0 eng d | ||
| 020 | _a81-259-1658-X | ||
| 041 | _aeng | ||
| 082 |
_b7459 _a658.15 |
||
| 100 |
_aPandey, I.M. _94445 |
||
| 245 | _aFinancial Management | ||
| 260 |
_aNew Delhi _bVikas Publishing House (P) Ltd. |
||
| 300 | _a776 | ||
| 650 |
_aManagement _9241 |
||
| 942 | _cBK | ||
| 999 |
_c2663 _d2662 |
||